Эксплуатация АЭС: электронный курс

Bibliografische gegevens
Hoofdauteur: Воробьёв А. В. Александр Владимирович
Coauteur: Национальный исследовательский Томский политехнический университет Инженерная школа энергетики Научно-образовательный центр И. Н. Бутакова (НОЦ И. Н. Бутакова)
Samenvatting:Заглавие с экрана
Роль АЭС в отечественной и мировой энергетике; работа АЭС в составе энергетической системы; внешнее и внутреннее управление эксплуатацией АЭС; эксплуатационный персонал и техническая документация АЭС; маневренные характеристики АЭС; режимы эксплуатации АЭС с реакторами разного типа; ввод и вывод АЭС из эксплуатации; продление срока эксплуатации АЭС; эксплуатация основного и вспомогательного оборудования АЭС
Доступ по логину и паролю
Taal:Russisch
Gepubliceerd in: Томск, TPU Moodle, 2020
Onderwerpen:
Online toegang:https://design.lms.tpu.ru/course/view.php?id=2469
Formaat: Elektronisch Boek
KOHA link:https://koha.lib.tpu.ru/cgi-bin/koha/opac-detail.pl?biblionumber=666020

MARC

LEADER 00000nlm0a2200000 4500
001 666020
005 20240112152735.0
035 |a (RuTPU)RU\TPU\network\37224 
035 |a RU\TPU\network\26233 
090 |a 666020 
100 |a 20211129d2020 m y0rusy50 ca 
101 0 |a rus 
102 |a RU 
105 |a a j 000zy 
135 |a jrcn ---uucaa 
181 0 |a i  
182 0 |a b 
200 1 |a Эксплуатация АЭС  |e электронный курс  |f А. В. Воробьёв  |g Национальный исследовательский Томский политехнический университет, Инженерная школа энергетики, Научно-образовательный центр И. Н. Бутакова (НОЦ И. Н. Бутакова) 
203 |a Текст  |c электронный 
210 |a Томск  |c TPU Moodle  |d 2020 
300 |a Заглавие с экрана 
330 |a Роль АЭС в отечественной и мировой энергетике; работа АЭС в составе энергетической системы; внешнее и внутреннее управление эксплуатацией АЭС; эксплуатационный персонал и техническая документация АЭС; маневренные характеристики АЭС; режимы эксплуатации АЭС с реакторами разного типа; ввод и вывод АЭС из эксплуатации; продление срока эксплуатации АЭС; эксплуатация основного и вспомогательного оборудования АЭС 
333 |a Доступ по логину и паролю 
606 1 |a Атомные электрические станции  |x Эксплуатация  |2 stltpush  |3 (RuTPU)RU\TPU\subj\29777  |9 53040 
610 1 |a электронный ресурс 
610 1 |a труды учёных ТПУ 
610 1 |a электронные учебные пособия 
610 1 |a учебные пособия 
610 1 |a Moodle 
610 1 |a e-learning 
610 1 |a дистанционное образование 
610 1 |a дистанционное обучение 
610 1 |a энергоблоки 
610 1 |a реакторы 
610 1 |a турбины 
610 1 |a энергосистемы 
610 1 |a маневренность 
610 1 |a безопасность 
610 1 |a режимы работы 
610 1 |a персонал 
610 1 |a техническая документация 
610 1 |a эксплуатация 
675 |a 621.311.25:621.039.56(075.8)  |v 4 
700 1 |a Воробьёв  |b А. В.  |c специалист в области энергетики  |c доцент Томского политехнического университета, кандидат технических наук  |f 1949-  |g Александр Владимирович  |3 (RuTPU)RU\TPU\pers\26029  |9 11876 
712 0 2 |a Национальный исследовательский Томский политехнический университет  |b Инженерная школа энергетики  |b Научно-образовательный центр И. Н. Бутакова (НОЦ И. Н. Бутакова)  |3 (RuTPU)RU\TPU\col\23504 
801 2 |a RU  |b 63413507  |c 20220607  |g RCR 
856 4 |u https://design.lms.tpu.ru/course/view.php?id=2469 
942 |c CF